Subdivision capitals closest to Osijek (HR) - Statistics

General Stats
  • This quiz has been taken 21 times
  • The average score is 9 of 20
Answer Stats
Distance (km) Answer % Correct
10 97 Novi Sad
79%
1 34 Vukovar
79%
4 67 Pécs
64%
5 69 Slavonski Brod
64%
9 97 Subotica
57%
12 105 Virovitica
57%
19 146 Banja Luka
50%
7 82 Požega
50%
2 41 Sombor
50%
16 135 Zrenjanin
50%
20 147 Bjelovar
43%
6 77 Brčko
36%
3 58 Orašje
36%
17 137 Szeged
36%
18 142 Kikinda
29%
11 98 Sremska Mitrovica
29%
14 114 Tuzla
29%
13 112 Kaposvár
21%
15 120 Šabac
21%
8 88 Szekszárd
14%
No matching quizzes found
Score Distribution
Percent of People with Each Score
Percentile by Number Answered
Your Score History
You have not taken this quiz